000 00515nam a22001817a 4500
003 OSt
005 20250520151127.0
008 250520b |||||||| |||| 00| 0 eng d
020 _a9798886130249
040 _crda
100 _aBuchanan, J Robert.,
_eauthor
_9809109
245 _aAn Undergraduate Introduction to Financial Mathematics
_cby J Robert Buchanan
260 _aNew Jersey:
_bWorld Scientific,
_c2024.
300 _axvi,449p.
650 _2Finance
650 _2Mathematics
942 _2CC
_cGB
_e1
_n0
999 _c1428900
_d1428900